[Event "DVM U10 2023"]
[Site "Magdeburg GER"]
[Date "2023.12.28"]
[Round "4"]
[White "Gupta, Pranit"]
[Black "Heilmann, Theo"]
[Result "0-1"]
[Termination "normal"]
[Board "12.1"]
[WhiteElo "1155"]
[BlackElo "1315"]
[WhiteClock "00:19:08"]
[BlackClock "00:30:35"]
[WhiteTeam "SF Deizisau"]
[BlackTeam "Schachfüchse Kempen 1986"]
[PlyCount "150"]
[BlackFideId "34678476"]
[EventCountry "GER"]
[EventRounds "7"]
[EventType "team-swiss"]
[EventDate "2023.12.27"]

1. e4 {[%emt 00:02:18]} c6 {[%clk 00:52:54]} 2. c3 {[%emt 00:01:52]} d5 {[%clk
00:51:57]} 3. f3 {[%clk 00:54:17]} {[%emt 00:00:10]} Nf6 {[%clk 00:51:35]}
{[%emt 00:00:26]} 4. d3 {[%clk 00:54:10]} {[%emt 00:00:13]} dxe4 {[%clk
00:51:26]} {[%emt 00:00:14]} 5. fxe4 {[%clk 00:54:03]} {[%emt 00:00:12]} e5
{[%clk 00:51:06]} {[%emt 00:00:25]} 6. Nf3 {[%clk 00:53:41]} {[%emt 00:00:26]}
Bg4 {[%clk 00:51:01]} {[%emt 00:00:10]} 7. Be2 {[%clk 00:53:31]} {[%emt
00:00:16]} Nbd7 {[%clk 00:50:46]} {[%emt 00:00:20]} 8. Nbd2 {[%clk 00:53:15]}
{[%emt 00:00:22]} Be7 {[%clk 00:50:09]} {[%emt 00:00:41]} 9. Nf1 {[%clk
00:53:07]} {[%emt 00:00:13]} O-O {[%clk 00:49:55]} {[%emt 00:00:19]} 10. Ng3
{[%clk 00:53:10]} {[%emt 00:00:03]} Nc5 {[%clk 00:49:14]} {[%emt 00:00:45]} 11.
h3 {[%clk 00:50:30]} {[%emt 00:02:45]} Bxf3 {[%clk 00:49:07]} {[%emt 00:00:12]}
12. Bxf3 {[%clk 00:50:27]} {[%emt 00:00:09]} Qxd3 {[%clk 00:47:54]} {[%emt
00:01:17]} 13. Qxd3 {[%clk 00:50:23]} {[%emt 00:00:09]} Nxd3+ {[%clk 00:47:53]}
{[%emt 00:00:06]} 14. Ke2 {[%clk 00:49:35]} {[%emt 00:00:53]} Nc5 {[%clk
00:47:41]} {[%emt 00:00:16]} 15. Rf1 {[%clk 00:48:56]} {[%emt 00:00:45]} Rad8
{[%clk 00:47:30]} {[%emt 00:00:15]} 16. Kf2 {[%clk 00:48:28]} {[%emt 00:00:34]}
Rd3 {[%clk 00:46:49]} {[%emt 00:00:47]} 17. Rd1 {[%clk 00:44:20]} {[%emt
00:04:12]} Ncxe4+ {[%clk 00:46:07]} {[%emt 00:00:47]} 18. Nxe4 {[%clk
00:43:06]} {[%emt 00:01:19]} Nxe4+ {[%clk 00:45:28]} {[%emt 00:00:43]} 19. Ke2
{[%clk 00:41:53]} {[%emt 00:01:20]} Rxd1 {[%clk 00:45:28]} {[%emt 00:00:04]}
20. Kxd1 {[%clk 00:41:41]} {[%emt 00:00:17]} Nc5 {[%clk 00:45:26]} {[%emt
00:00:07]} 21. b4 {[%clk 00:41:00]} {[%emt 00:00:46]} Rd8+ {[%clk 00:42:00]}
{[%emt 00:03:31]} 22. Kc2 {[%clk 00:40:38]} {[%emt 00:00:27]} Ne6 {[%clk
00:41:32]} {[%emt 00:00:32]} 23. Be3 {[%clk 00:39:12]} {[%emt 00:01:32]} a6
{[%clk 00:41:16]} {[%emt 00:00:22]} 24. Bb6 {[%clk 00:38:16]} {[%emt 00:01:00]}
Rd6 {[%clk 00:40:47]} {[%emt 00:00:34]} 25. Bc5 {[%emt 00:00:43]} Nxc5 {[%clk
00:40:33]} {[%emt 00:00:01]} 26. bxc5 {[%clk 00:35:20]} {[%emt 00:02:41]} Rd7
{[%clk 00:40:26]} {[%emt 00:00:11]} 27. Re1 {[%clk 00:35:12]} {[%emt 00:00:14]}
f6 {[%clk 00:40:21]} {[%emt 00:00:10]} 28. Bg4 {[%clk 00:34:56]} {[%emt
00:00:20]} Rc7 {[%clk 00:40:12]} {[%emt 00:00:14]} 29. Be6+ {[%clk 00:34:37]}
{[%emt 00:00:25]} Kf8 {[%clk 00:40:04]} {[%emt 00:00:13]} 30. Rd1 {[%clk
00:34:16]} {[%emt 00:00:26]} Bxc5 {[%clk 00:39:48]} {[%emt 00:00:21]} 31. Rd7
{[%clk 00:34:05]} {[%emt 00:00:16]} Bb6 {[%clk 00:39:15]} {[%emt 00:00:38]} 32.
Rxc7 {[%clk 00:33:10]} {[%emt 00:01:00]} Bxc7 {[%clk 00:39:13]} {[%emt
00:00:07]} 33. Bc8 {[%clk 00:33:04]} {[%emt 00:00:11]} b6 {[%clk 00:39:13]}
{[%emt 00:00:05]} 34. Bxa6 {[%clk 00:33:00]} {[%emt 00:00:08]} c5 {[%clk
00:39:11]} {[%emt 00:00:07]} 35. Bd3 {[%clk 00:32:53]} {[%emt 00:00:12]} h6
{[%clk 00:39:11]} {[%emt 00:00:06]} 36. c4 {[%clk 00:32:46]} {[%emt 00:00:12]}
Ke7 {[%clk 00:39:05]} {[%emt 00:00:11]} 37. Kd2 {[%clk 00:32:35]} {[%emt
00:00:16]} Ke6 {[%clk 00:38:56]} {[%emt 00:00:13]} 38. Ke3 {[%clk 00:32:30]}
{[%emt 00:00:11]} g5 {[%clk 00:38:19]} {[%emt 00:00:42]} 39. g4 {[%clk
00:32:00]} {[%emt 00:00:35]} b5 {[%clk 00:37:02]} {[%emt 00:01:22]} 40. cxb5
{[%clk 00:31:40]} {[%emt 00:00:24]} Bb6 {[%clk 00:36:34]} {[%emt 00:00:34]} 41.
Kd2 {[%clk 00:30:18]} {[%emt 00:01:26]} Kd5 {[%clk 00:36:23]} {[%emt 00:00:17]}
42. Kc3 {[%clk 00:29:58]} {[%emt 00:00:25]} Ba5+ {[%clk 00:36:01]} {[%emt
00:00:27]} 43. Kc2 {[%clk 00:29:39]} {[%emt 00:00:24]} c4 {[%clk 00:35:42]}
{[%emt 00:00:24]} 44. Be2 {[%clk 00:29:06]} {[%emt 00:00:37]} Kc5 {[%clk
00:35:24]} {[%emt 00:00:24]} 45. a4 {[%clk 00:29:02]} {[%emt 00:00:10]} Kd4
{[%clk 00:35:12]} {[%emt 00:00:16]} 46. Bf1 {[%clk 00:23:39]} {[%emt 00:05:26]}
e4 {[%clk 00:34:14]} {[%emt 00:01:05]} 47. Be2 {[%clk 00:22:28]} {[%emt
00:01:17]} e3 {[%clk 00:34:08]} {[%emt 00:00:11]} 48. Kb2 {[%clk 00:22:13]}
{[%emt 00:00:19]} c3+ {[%clk 00:34:00]} {[%emt 00:00:14]} 49. Kc2 {[%clk
00:22:05]} {[%emt 00:00:12]} Ke4 {[%clk 00:33:59]} {[%emt 00:00:06]} 50. b6
{[%clk 00:21:48]} {[%emt 00:00:23]} Bxb6 {[%clk 00:33:57]} {[%emt 00:00:07]}
51. Kxc3 {[%clk 00:21:47]} {[%emt 00:00:05]} Kf4 {[%clk 00:33:57]} {[%emt
00:00:05]} 52. Kd3 {[%clk 00:21:30]} {[%emt 00:00:19]} Kg3 {[%clk 00:33:39]}
{[%emt 00:00:25]} 53. Bf1 {[%clk 00:21:30]} {[%emt 00:00:06]} Kf2 {[%clk
00:33:13]} {[%emt 00:00:32]} 54. Be2 {[%clk 00:21:25]} {[%emt 00:00:09]} Kg2
{[%clk 00:33:01]} {[%emt 00:00:17]} 55. a5 {[%clk 00:21:07]} {[%emt 00:00:23]}
Ba7 {[%clk 00:32:56]} {[%emt 00:00:10]} 56. a6 {[%clk 00:20:49]} {[%emt
00:00:23]} Kxh3 {[%clk 00:32:56]} {[%emt 00:00:05]} 57. Ke4 {[%clk 00:20:33]}
{[%emt 00:00:20]} Kg2 {[%clk 00:32:43]} {[%emt 00:00:19]} 58. Kf5 {[%clk
00:20:20]} {[%emt 00:00:18]} Kf2 {[%clk 00:31:44]} {[%emt 00:01:05]} 59. Bb5
{[%clk 00:20:18]} {[%emt 00:00:06]} e2 {[%clk 00:31:42]} {[%emt 00:00:07]} 60.
Bxe2 {[%clk 00:20:16]} {[%emt 00:00:07]} Kxe2 {[%clk 00:31:41]} {[%emt
00:00:06]} 61. Kxf6 {[%clk 00:20:09]} {[%emt 00:00:58]} Kf3 {[%clk 00:31:37]}
{[%emt 00:00:11]} 62. Kg6 {[%clk 00:20:09]} {[%emt 00:00:09]} Kxg4 {[%clk
00:31:34]} {[%emt 00:00:07]} 63. Kxh6 {[%clk 00:20:07]} {[%emt 00:00:07]} Kf4
{[%clk 00:31:31]} {[%emt 00:00:09]} 64. Kh5 {[%clk 00:20:05]} {[%emt 00:00:07]}
g4 {[%clk 00:31:30]} {[%emt 00:00:07]} 65. Kh4 {[%clk 00:20:06]} {[%emt
00:00:04]} Kf3 {[%clk 00:31:24]} {[%emt 00:00:11]} 66. Kh5 {[%clk 00:20:00]}
{[%emt 00:00:10]} g3 {[%clk 00:31:23]} {[%emt 00:00:06]} 67. Kg5 {[%clk
00:20:01]} {[%emt 00:00:05]} g2 {[%clk 00:31:21]} {[%emt 00:00:07]} 68. Kf5
{[%clk 00:19:55]} {[%emt 00:00:10]} g1=Q {[%clk 00:30:46]} {[%emt 00:00:41]}
69. Ke5 {[%clk 00:19:53]} {[%emt 00:00:06]} Qc5+ {[%clk 00:30:47]} {[%emt
00:00:04]} 70. Ke6 {[%clk 00:19:43]} {[%emt 00:00:16]} Kf4 {[%clk 00:30:46]}
{[%emt 00:00:05]} 71. Kd7 {[%clk 00:19:39]} {[%emt 00:00:09]} Qb6 {[%clk
00:30:46]} {[%emt 00:00:06]} 72. Ke7 {[%clk 00:19:27]} {[%emt 00:00:17]} Ke5
{[%clk 00:30:40]} {[%emt 00:00:11]} 73. Kf8 {[%clk 00:19:15]} {[%emt 00:00:16]}
Qc7 {[%clk 00:30:38]} {[%emt 00:00:08]} 74. Kg8 {[%clk 00:19:10]} {[%emt
00:00:09]} Kf6 {[%clk 00:30:35]} {[%emt 00:00:09]} 75. Kh8 {[%clk 00:19:08]}
{[%emt 00:00:05]} Qg7# {[%emt 00:00:18]} 0-1

[Event "DVM U10 2023"]
[Site "Magdeburg GER"]
[Date "2023.12.28"]
[Round "4"]
[White "Reuscher, Joel David"]
[Black "Hou, Yinuo"]
[Result "1-0"]
[Termination "normal"]
[Board "12.2"]
[WhiteElo "1010"]
[BlackElo "1211"]
[WhiteClock "00:11:47"]
[BlackClock "00:05:50"]
[WhiteTeam "Schachfüchse Kempen 1986"]
[BlackTeam "SF Deizisau"]
[PlyCount "135"]
[EventCountry "GER"]
[EventRounds "7"]
[EventType "team-swiss"]
[EventDate "2023.12.27"]

1. e4 {[%clk 00:52:46]} {[%emt 00:02:23]} c5 {[%clk 00:55:06]} {[%emt
00:00:04]} 2. Nc3 {[%clk 00:52:37]} {[%emt 00:00:15]} d6 {[%clk 00:55:03]}
{[%emt 00:00:08]} 3. Nf3 {[%clk 00:52:01]} {[%emt 00:00:41]} Nf6 {[%clk
00:54:58]} {[%emt 00:00:10]} 4. Bc4 {[%clk 00:51:41]} {[%emt 00:00:25]} g6
{[%clk 00:54:48]} {[%emt 00:00:15]} 5. d3 {[%clk 00:51:18]} {[%emt 00:00:27]}
Bg7 {[%clk 00:54:27]} {[%emt 00:00:27]} 6. Bf4 {[%clk 00:50:40]} {[%emt
00:00:43]} O-O {[%clk 00:53:52]} {[%emt 00:00:40]} 7. h3 {[%clk 00:50:38]}
{[%emt 00:00:06]} Nc6 {[%clk 00:53:07]} {[%emt 00:00:51]} 8. O-O {[%clk
00:47:58]} {[%emt 00:02:45]} a6 {[%clk 00:52:45]} {[%emt 00:00:28]} 9. a3
{[%clk 00:45:53]} {[%emt 00:02:09]} b5 {[%clk 00:51:58]} {[%emt 00:00:52]} 10.
Bd5 {[%clk 00:45:27]} {[%emt 00:00:27]} Bb7 {[%clk 00:51:06]} {[%emt 00:01:00]}
11. Rb1 {[%clk 00:44:34]} {[%emt 00:00:58]} Rb8 {[%clk 00:47:35]} {[%emt
00:03:37]} 12. b4 {[%clk 00:44:18]} {[%emt 00:00:21]} cxb4 {[%clk 00:46:24]}
{[%emt 00:01:16]} 13. axb4 {[%clk 00:44:04]} {[%emt 00:00:18]} Nxd5 {[%clk
00:43:40]} {[%emt 00:02:50]} 14. Nxd5 {[%clk 00:42:07]} {[%emt 00:02:01]} e6
{[%emt 00:02:18]} 15. Ne3 {[%clk 00:40:28]} {[%emt 00:00:33]} Bc3 {[%clk
00:40:51]} {[%emt 00:01:53]} 16. Bg5 {[%clk 00:39:05]} {[%emt 00:01:28]} f6
{[%clk 00:37:40]} {[%emt 00:03:16]} 17. Bh6 {[%clk 00:38:47]} {[%emt 00:00:21]}
Rf7 {[%clk 00:37:08]} {[%emt 00:00:38]} 18. Rb3 {[%clk 00:38:20]} {[%emt
00:00:33]} Bxb4 {[%clk 00:36:28]} {[%emt 00:00:45]} 19. c3 {[%clk 00:38:13]}
{[%emt 00:00:12]} Ba5 {[%clk 00:36:09]} {[%emt 00:00:24]} 20. Bf4 {[%clk
00:38:00]} {[%emt 00:00:18]} e5 {[%clk 00:34:34]} {[%emt 00:01:47]} 21. Bh2
{[%clk 00:37:46]} {[%emt 00:00:21]} Rg7 {[%clk 00:33:40]} {[%emt 00:01:00]} 22.
Bg3 {[%clk 00:37:31]} {[%emt 00:00:19]} Bc7 {[%clk 00:32:03]} {[%emt 00:01:42]}
23. Bh4 {[%clk 00:37:21]} {[%emt 00:00:15]} Rf7 {[%clk 00:30:18]} {[%emt
00:01:50]} 24. Nd5 {[%clk 00:37:04]} {[%emt 00:00:22]} Ba5 {[%clk 00:28:35]}
{[%emt 00:01:49]} 25. Qa1 {[%clk 00:36:17]} {[%emt 00:00:42]} g5 {[%clk
00:24:33]} {[%emt 00:04:17]} 26. Bg3 {[%clk 00:36:11]} {[%emt 00:00:11]} Bc7
{[%clk 00:23:43]} {[%emt 00:00:56]} 27. Rd1 {[%clk 00:35:38]} {[%emt 00:00:34]}
Qd7 {[%clk 00:22:45]} {[%emt 00:01:05]} 28. d4 {[%clk 00:33:42]} {[%emt
00:02:01]} Na5 {[%clk 00:20:47]} {[%emt 00:02:02]} 29. Ra3 {[%clk 00:32:13]}
{[%emt 00:01:35]} Bxd5 {[%clk 00:19:37]} {[%emt 00:01:15]} 30. exd5 {[%emt
00:00:24]} Nc4 {[%clk 00:18:20]} {[%emt 00:01:14]} 31. Rxa6 {[%clk 00:30:32]}
{[%emt 00:01:35]} Rb6 {[%clk 00:18:01]} {[%emt 00:00:25]} 32. Ra7 {[%clk
00:28:48]} {[%emt 00:01:49]} Rf8 {[%clk 00:17:02]} {[%emt 00:01:05]} 33. Qa2
{[%clk 00:26:14]} {[%emt 00:02:36]} Rfb8 {[%clk 00:16:06]} {[%emt 00:01:02]}
34. dxe5 {[%clk 00:25:36]} {[%emt 00:00:44]} dxe5 {[%clk 00:15:11]} {[%emt
00:00:59]} 35. Nd2 {[%clk 00:23:01]} {[%emt 00:02:39]} Nxd2 {[%clk 00:14:14]}
{[%emt 00:01:04]} 36. Rxd2 {[%clk 00:22:49]} {[%emt 00:00:17]} R6b7 {[%clk
00:13:56]} {[%emt 00:00:23]} 37. d6+ {[%clk 00:22:17]} {[%emt 00:00:37]} Kg7
{[%clk 00:12:58]} {[%emt 00:02:27]} 38. Rxb7 {[%clk 00:21:07]} {[%emt
00:00:40]} Rxb7 {[%clk 00:12:42]} {[%emt 00:00:21]} 39. dxc7 {[%clk 00:20:58]}
{[%emt 00:00:14]} Qxc7 {[%clk 00:12:31]} {[%emt 00:00:16]} 40. Qb3 {[%clk
00:20:09]} {[%emt 00:00:53]} h6 {[%clk 00:10:27]} {[%emt 00:02:10]} 41. Rd5
{[%clk 00:19:03]} {[%emt 00:01:05]} Qf7 {[%clk 00:10:11]} {[%emt 00:00:27]} 42.
Qd1 {[%clk 00:17:39]} {[%emt 00:01:29]} b4 {[%clk 00:09:30]} {[%emt 00:00:47]}
43. cxb4 {[%clk 00:17:30]} {[%emt 00:00:13]} Kg6 {[%clk 00:09:22]} {[%emt
00:00:12]} 44. Qd3+ {[%clk 00:17:08]} {[%emt 00:00:27]} f5 {[%clk 00:09:02]}
{[%emt 00:00:26]} 45. b5 {[%clk 00:16:31]} {[%emt 00:00:42]} e4 {[%clk
00:08:58]} {[%emt 00:00:09]} 46. Qb3 {[%clk 00:15:38]} {[%emt 00:00:50]} Rd7
{[%clk 00:08:48]} {[%emt 00:00:24]} 47. Rd6+ {[%clk 00:15:19]} {[%emt
00:00:23]} Rxd6 {[%clk 00:08:12]} {[%emt 00:00:41]} 48. Qxf7+ {[%clk 00:15:19]}
{[%emt 00:00:05]} Kxf7 {[%clk 00:07:57]} {[%emt 00:00:20]} 49. Bxd6 {[%clk
00:15:18]} {[%emt 00:00:06]} Ke6 {[%clk 00:07:57]} {[%emt 00:00:05]} 50. Bc7
{[%clk 00:15:13]} {[%emt 00:00:09]} Kd5 {[%clk 00:07:51]} {[%emt 00:00:11]} 51.
b6 {[%clk 00:15:11]} {[%emt 00:00:08]} Kc6 {[%clk 00:07:49]} {[%emt 00:00:07]}
52. Kf1 {[%clk 00:15:05]} {[%emt 00:00:10]} h5 {[%clk 00:07:40]} {[%emt
00:00:13]} 53. Ke2 {[%clk 00:15:08]} {[%emt 00:00:04]} f4 {[%clk 00:07:31]}
{[%emt 00:00:15]} 54. Kd2 {[%clk 00:14:03]} {[%emt 00:01:09]} h4 {[%clk
00:07:10]} {[%emt 00:00:26]} 55. Kc3 {[%clk 00:13:59]} {[%emt 00:00:10]} f3
{[%clk 00:07:01]} {[%emt 00:00:13]} 56. gxf3 {[%clk 00:14:00]} {[%emt
00:00:04]} exf3 {[%clk 00:07:00]} {[%emt 00:00:06]} 57. Kd3 {[%clk 00:13:56]}
{[%emt 00:00:10]} g4 {[%clk 00:07:01]} {[%emt 00:00:04]} 58. hxg4 {[%clk
00:13:32]} {[%emt 00:00:27]} h3 {[%clk 00:06:57]} {[%emt 00:00:09]} 59. Ke3
{[%clk 00:13:33]} {[%emt 00:00:04]} h2 {[%clk 00:06:55]} {[%emt 00:00:07]} 60.
Bxh2 {[%emt 00:00:08]} Kxb6 {[%clk 00:06:57]} 61. g5 {[%clk 00:13:25]} {[%emt
00:00:13]} Kc6 {[%clk 00:06:41]} {[%emt 00:00:21]} 62. g6 {[%emt 00:00:05]} Kd5
{[%emt 00:00:10]} 63. g7 {[%clk 00:13:03]} {[%emt 00:00:12]} Ke6 {[%clk
00:06:20]} {[%emt 00:00:27]} 64. g8=Q+ {[%emt 00:00:08]} Kf5 {[%emt 00:00:06]}
65. Qe8 {[%clk 00:12:30]} {[%emt 00:00:22]} Kg4 {[%clk 00:06:13]} {[%emt
00:00:13]} 66. Qg6+ {[%clk 00:12:09]} {[%emt 00:00:26]} Kh4 {[%clk 00:06:05]}
{[%emt 00:00:13]} 67. Kxf3 {[%clk 00:11:53]} {[%emt 00:00:21]} Kh3 {[%clk
00:05:50]} {[%emt 00:00:20]} 68. Qg3 {[%clk 00:11:47]} {[%emt 00:00:12]} 1-0

[Event "DVM U10 2023"]
[Site "Magdeburg GER"]
[Date "2023.12.28"]
[Round "4"]
[White "Gheng, Hannes Lucas"]
[Black "Optendrenk, Frederik"]
[Result "0-1"]
[Termination "normal"]
[Board "12.3"]
[WhiteElo "961"]
[BlackElo "861"]
[WhiteClock "00:11:43"]
[BlackClock "00:37:17"]
[WhiteTeam "SF Deizisau"]
[BlackTeam "Schachfüchse Kempen 1986"]
[PlyCount "110"]
[WhiteFideId "34606890"]
[EventCountry "GER"]
[EventRounds "7"]
[EventType "team-swiss"]
[EventDate "2023.12.27"]

1. e4 {[%clk 00:54:56]} {[%emt 00:00:14]} e5 {[%clk 00:54:32]} {[%emt
00:00:37]} 2. Nf3 {[%clk 00:54:54]} {[%emt 00:00:07]} Nc6 {[%clk 00:54:32]}
{[%emt 00:00:06]} 3. Bb5 {[%clk 00:54:54]} {[%emt 00:00:05]} Nf6 {[%clk
00:54:30]} {[%emt 00:00:07]} 4. d3 {[%clk 00:54:41]} {[%emt 00:00:16]} Bc5
{[%clk 00:54:08]} {[%emt 00:00:29]} 5. c3 {[%emt 00:00:13]} d6 {[%emt
00:00:16]} 6. Nbd2 {[%clk 00:54:05]} {[%emt 00:00:11]} O-O {[%clk 00:53:50]}
{[%emt 00:00:23]} 7. O-O {[%clk 00:53:14]} {[%emt 00:00:56]} a6 {[%clk
00:53:49]} {[%emt 00:00:07]} 8. Ba4 {[%clk 00:53:13]} {[%emt 00:00:06]} b5
{[%clk 00:53:38]} {[%emt 00:00:16]} 9. Bb3 {[%emt 00:00:19]} Bb7 {[%clk
00:53:29]} {[%emt 00:00:10]} 10. Re1 {[%clk 00:52:57]} {[%emt 00:00:10]} Re8
{[%clk 00:53:28]} {[%emt 00:00:06]} 11. Nf1 {[%clk 00:52:49]} {[%emt 00:00:13]}
Ne7 {[%clk 00:52:28]} {[%emt 00:01:05]} 12. Ng3 {[%clk 00:52:33]} {[%emt
00:00:22]} Ng6 {[%clk 00:52:29]} {[%emt 00:00:04]} 13. Ng5 {[%emt 00:00:35]} d5
{[%emt 00:00:20]} 14. exd5 {[%clk 00:50:53]} {[%emt 00:00:50]} Bxd5 {[%clk
00:52:27]} {[%emt 00:00:07]} 15. Nf5 {[%clk 00:49:02]} {[%emt 00:01:39]} Bxb3
{[%clk 00:52:15]} {[%emt 00:00:34]} 16. Qxb3 {[%clk 00:48:17]} {[%emt
00:00:49]} Qd7 {[%clk 00:52:00]} {[%emt 00:00:20]} 17. Ng3 {[%emt 00:00:59]} h6
{[%emt 00:00:11]} 18. Nf3 {[%clk 00:46:05]} {[%emt 00:00:19]} Qxd3 {[%clk
00:51:23]} {[%emt 00:01:30]} 19. Rd1 {[%clk 00:43:38]} {[%emt 00:01:00]} Qc4
{[%clk 00:51:25]} {[%emt 00:01:35]} 20. Qxc4 {[%clk 00:42:15]} {[%emt
00:01:28]} bxc4 {[%clk 00:51:21]} {[%emt 00:00:10]} 21. b4 {[%clk 00:41:17]}
{[%emt 00:01:03]} cxb3 {[%clk 00:51:18]} {[%emt 00:00:08]} 22. axb3 {[%clk
00:40:56]} {[%emt 00:00:27]} Ng4 {[%clk 00:49:32]} {[%emt 00:01:50]} 23. Ra2
{[%clk 00:40:39]} {[%emt 00:00:22]} e4 {[%clk 00:49:24]} {[%emt 00:00:13]} 24.
Nd4 {[%emt 00:01:38]} e3 {[%emt 00:00:32]} 25. f3 {[%clk 00:37:03]} {[%emt
00:01:31]} N4e5 {[%clk 00:47:03]} {[%emt 00:02:25]} 26. Bxe3 {[%clk 00:34:40]}
{[%emt 00:02:28]} Nxf3+ {[%clk 00:46:36]} {[%emt 00:00:33]} 27. Nxf3 {[%clk
00:33:13]} {[%emt 00:01:32]} Rxe3 {[%clk 00:46:20]} {[%emt 00:00:20]} 28. Kf2
{[%clk 00:31:11]} {[%emt 00:02:01]} Rxc3+ {[%clk 00:45:52]} {[%emt 00:00:39]}
29. Ke2 {[%clk 00:29:57]} {[%emt 00:01:10]} Re3+ {[%clk 00:45:17]} {[%emt
00:00:50]} 30. Kf1 {[%clk 00:29:11]} {[%emt 00:00:20]} Rxb3 {[%clk 00:45:19]}
{[%emt 00:00:33]} 31. Rc1 {[%clk 00:28:40]} {[%emt 00:00:37]} Bb6 {[%clk
00:44:23]} {[%emt 00:01:01]} 32. Rca1 {[%clk 00:27:11]} {[%emt 00:01:33]} a5
{[%clk 00:44:10]} {[%emt 00:00:18]} 33. Nd2 {[%clk 00:26:45]} {[%emt 00:00:30]}
Rd3 {[%clk 00:42:54]} {[%emt 00:01:23]} 34. Nc4 {[%clk 00:26:20]} {[%emt
00:00:30]} Rc3 {[%clk 00:41:22]} {[%emt 00:01:36]} 35. Nxb6 cxb6 {[%clk
00:41:15]} 36. Rb2 {[%clk 00:26:09]} {[%emt 00:00:07]} Ra6 {[%clk 00:40:54]}
{[%emt 00:00:26]} 37. Rab1 {[%clk 00:25:29]} {[%emt 00:00:45]} Rc6 {[%clk
00:40:42]} {[%emt 00:00:16]} 38. Ne4 {[%emt 00:01:17]} Re6 {[%emt 00:00:15]}
39. Nc3 {[%clk 00:23:42]} {[%emt 00:00:20]} Ne7 {[%clk 00:39:19]} {[%emt
00:01:29]} 40. Na4 {[%clk 00:23:31]} {[%emt 00:00:16]} Nd5 {[%clk 00:39:08]}
{[%emt 00:00:16]} 41. Kf2 {[%emt 00:00:41]} Nb4 {[%emt 00:00:15]} 42. Rc1
{[%clk 00:20:21]} {[%emt 00:02:19]} Nd3+ {[%clk 00:38:59]} {[%emt 00:00:14]}
43. Kf3 {[%emt 00:00:22]} Nxc1 {[%emt 00:00:14]} 44. Rc2 {[%clk 00:19:02]}
{[%emt 00:00:46]} Nb3 {[%clk 00:38:50]} {[%emt 00:00:15]} 45. Rc8+ {[%clk
00:18:22]} {[%emt 00:00:46]} Kh7 {[%clk 00:38:42]} {[%emt 00:00:13]} 46. Rc3
{[%emt 00:01:27]} Nd4+ {[%emt 00:00:14]} 47. Kf2 {[%emt 00:00:19]} b5 {[%emt
00:00:34]} 48. Nc5 {[%clk 00:15:37]} {[%emt 00:00:15]} Rf6+ {[%clk 00:38:40]}
{[%emt 00:00:07]} 49. Ke3 {[%clk 00:14:20]} {[%emt 00:01:22]} Nf5+ {[%clk
00:38:31]} {[%emt 00:00:15]} 50. Kd2 {[%clk 00:14:08]} {[%emt 00:00:15]} Rad6+
{[%clk 00:38:24]} {[%emt 00:00:14]} 51. Kc2 {[%clk 00:13:13]} {[%emt 00:00:13]}
b4 {[%emt 00:01:19]} 52. Rc4 {[%clk 00:12:30]} {[%emt 00:00:47]} Ne3+ {[%clk
00:37:40]} {[%emt 00:00:23]} 53. Kb3 {[%clk 00:12:13]} {[%emt 00:00:21]} Nxc4
{[%clk 00:37:33]} {[%emt 00:00:12]} 54. Kxc4 {[%clk 00:12:09]} {[%emt
00:00:09]} Rc6 {[%clk 00:37:25]} {[%emt 00:00:14]} 55. Kb5 {[%clk 00:11:43]}
{[%emt 00:00:31]} Rxc5+ {[%clk 00:37:17]} {[%emt 00:00:12]} 0-1